00471 2200205 4500001002100000008004100021035002000062245003200082100001800114250000600132260003200138300001100170084001400181082000800195650001400203990001200217990001200229990001200241990001200253INLIS000000000000556 ind  a0010-0424000532 aSejarah DuniacSue Becklake aBecklake, Sue a1 aBandung :bPakar Rayac2015 a68 hlm a900 SUE s a900 aNon Fiksi a0722252 a0722253 a0722254 a0722255